[Event "ROM-ch U16"]
[Site "Baile Felix"]
[Date "2017.02.05"]
[Round "4"]
[White "Coman, Andrei Alexandru"]
[Black "Petrusan, George Cristian"]
[Result "1-0"]
[WhiteElo "1772"]
[BlackElo "1355"]
[PlyCount "33"]
[EventDate "2017.02.02"]
[EventType "swiss"]
[EventRounds "9"]
[EventCountry "ROU"]
[SourceTitle "CBM 176 Extra"]
[Source "ChessBase"]
[SourceDate "2017.03.02"]
[SourceVersion "1"]
[SourceVersionDate "2017.03.02"]
[SourceQuality "1"]

1. d4 Nf6 2. Nf3 e6 3. e3 c5 4. b3 Nc6 5. Bb2 cxd4 6. exd4 Bb4+ 7. c3 Be7 8. Bd3 d5 9. Nbd2 Bd7 10. 0-0 0-0 11. Ne5 Rc8 12. Qe2 a6 13. f4 Re8 14. Rf3 Bf8 15. Rh3 Ne7 16. Bxh7+ Nxh7 17. Qh5 1-0

[Event "ROM-ch U16"]
[Site "Baile Felix"]
[Date "2017.02.03"]
[Round "2"]
[White "Palii, Alex"]
[Black "Petrusan, George Cristian"]
[Result "1-0"]
[WhiteElo "1809"]
[BlackElo "1355"]
[PlyCount "51"]
[EventDate "2017.02.02"]
[EventType "swiss"]
[EventRounds "9"]
[EventCountry "ROU"]
[SourceTitle "CBM 176 Extra"]
[Source "ChessBase"]
[SourceDate "2017.03.02"]
[SourceVersion "1"]
[SourceVersionDate "2017.03.02"]
[SourceQuality "1"]

1. e4 c6 2. d4 d5 3. Nc3 dxe4 4. Nxe4 Bf5 5. Ng3 Bg6 6. h4 h6 7. Nf3 Nd7 8. h5 Bh7 9. Bd3 Bxd3 10. Qxd3 e6 11. Bd2 Ngf6 12. c4 Be7 13. 0-0-0 0-0 14. Ne4 Nxe4 15. Qxe4 Nf6 16. Qe2 Qc7 17. g4 Nh7 18. Rdg1 Ng5 19. Ne5 Qd8 20. f4 Nh7 21. g5 hxg5 22. fxg5 Qxd4 23. g6 fxg6 24. hxg6 Nf6 25. Qh2 Qxg1+ 26. Rxg1 1-0

[Event "ROM-ch U16"]
[Site "Calimanesti Caciulata"]
[Date "2016.04.20"]
[Round "3"]
[White "Bretea, Vlad Ionut"]
[Black "Petrusan, George Cristian"]
[Result "1-0"]
[WhiteElo "1630"]
[BlackElo "1354"]
[PlyCount "47"]
[EventDate "2016.04.18"]
[EventType "swiss"]
[EventRounds "9"]
[EventCountry "ROU"]
[SourceTitle "CBM 172 Extra"]
[Source "ChessBase"]
[SourceDate "2016.06.21"]
[SourceVersion "1"]
[SourceVersionDate "2016.06.21"]
[SourceQuality "1"]

1. e4 c5 2. Nf3 Nc6 3. d4 cxd4 4. Nxd4 Nf6 5. Nc3 a6 6. f3 d6 7. Nxc6 bxc6 8. Be3 g6 9. Bc4 Bg7 10. Bb3 0-0 11. Qd2 Qc7 12. 0-0-0 Bd7 13. Bh6 c5 14. Bxg7 Kxg7 15. Bc4 Rfb8 16. g4 Qb7 17. b3 a5 18. h4 a4 19. e5 Ne8 20. h5 g5 21. Qxg5+ Kf8 22. Bd3 f5 23. gxf5 dxe5 24. Rhg1 1-0

[Event "ROM-ch U14"]
[Site "Calimanesti"]
[Date "2014.04.09"]
[Round "4"]
[White "Petrusan, George Cristian"]
[Black "Vass, Razvan"]
[Result "1-0"]
[WhiteElo "1001"]
[BlackElo "1473"]
[PlyCount "97"]
[EventDate "2014.04.06"]
[EventType "swiss"]
[EventRounds "9"]
[EventCountry "ROU"]
[SourceTitle "CBM 160 Extra"]
[Source "ChessBase"]
[SourceDate "2014.07.01"]
[SourceVersion "1"]
[SourceVersionDate "2014.07.01"]
[SourceQuality "1"]

1. e4 c5 2. Nf3 d6 3. d4 cxd4 4. Nxd4 Nf6 5. Nc3 g6 6. Be3 Ng4 7. Bb5+ Nd7 8. Qxg4 a6 9. Bxd7+ Bxd7 10. Qe2 Rc8 11. 0-0 Bg7 12. Rac1 0-0 13. f4 b5 14. f5 b4 15. Nd5 Bxd4 16. Bxd4 Bb5 17. Qf2 Bxf1 18. Qxf1 a5 19. Bb6 Qd7 20. f6 e5 21. Qf2 Qg4 22. Qf3 Qxf3 23. gxf3 Kh8 24. Bxa5 Ra8 25. Bxb4 Rxa2 26. Bxd6 Re8 27. Ba3 Ra8 28. Nb4 R2xa3 29. bxa3 Rxa3 30. Rd1 h5 31. Rd3 Ra1+ 32. Kg2 Rb1 33. Nc6 Rc1 34. Rd2 Ra1 35. Nxe5 Ra6 36. Nxf7+ Kg8 37. Rd6 Ra2 38. Nh6+ Kh7 39. f7 Rxc2+ 40. Kg3 Rc8 41. Re6 Rf8 42. Re8 Kg7 43. Rxf8 Kxf8 44. Kh4 Kg7 45. Kg5 h4 46. Kxh4 Kf8 47. Kg5 Kg7 48. f8Q+ Kh7 49. Qg8# 1-0

[Event "ROM-ch U14"]
[Site "Calimanesti"]
[Date "2014.04.06"]
[Round "1"]
[White "Petrusan, George Cristian"]
[Black "Balaceanu, David"]
[Result "0-1"]
[WhiteElo "1001"]
[BlackElo "1640"]
[PlyCount "138"]
[EventDate "2014.04.06"]
[EventType "swiss"]
[EventRounds "9"]
[EventCountry "ROU"]
[SourceTitle "CBM 160 Extra"]
[Source "ChessBase"]
[SourceDate "2014.07.01"]
[SourceVersion "1"]
[SourceVersionDate "2014.07.01"]
[SourceQuality "1"]

1. e4 d6 2. d4 Nf6 3. Nc3 g6 4. Bg5 Bg7 5. Nf3 c5 6. e5 dxe5 7. dxe5 Qxd1+ 8. Rxd1 Ng4 9. Bf4 Nc6 10. Bb5 0-0 11. Bxc6 bxc6 12. 0-0 Bf5 13. Rd2 Rfd8 14. Rfd1 Rxd2 15. Rxd2 Rb8 16. h3 Nh6 17. g4 Be6 18. Ng5 a6 19. Nxe6 fxe6 20. Bg3 Rxb2 21. f4 Nf7 22. Bf2 g5 23. Bxc5 gxf4 24. Ba3 Rb8 25. Bxe7 Nxe5 26. Rf2 Ng6 27. Bd6 Rd8 28. Ne4 Bd4 29. Bc5 Bxf2+ 30. Bxf2 Rd1+ 31. Kg2 Rc1 32. c3 Rc2 33. a3 Nh4+ 34. Kf1 Nf3 35. Kg2 Nd2 36. Nxd2 Rxd2 37. Kf3 Rxf2+ 38. Kxf2 Kf7 39. Kf3 e5 40. h4 Ke6 41. c4 Kf6 42. a4 a5 43. c5 Ke6 44. Ke4 h6 45. Kf3 Kd5 46. g5 hxg5 47. h5 Ke6 48. Kg4 Kf6 49. Kf3 Kg7 50. Kg4 Kh6 51. Kf3 Kxh5 52. Kg2 Kg4 53. Kh2 f3 54. Kg1 Kg3 55. Kh1 e4 56. Kg1 f2+ 57. Kf1 g4 58. Ke2 Kg2 59. Ke3 f1B 60. Kxe4 Kf2 61. Ke5 g3 62. Kd6 Bg2 63. Kc7 Bd5 64. Kb6 g2 65. Kxa5 g1Q 66. Kb6 Qb1+ 67. Kc7 Qh7+ 68. Kb6 Qh8 69. Kc7 Qa8 0-1